| 000 | 00826cam a22002653a 4500 | ||
|---|---|---|---|
| 001 | 31338 | ||
| 003 | PGUSA | ||
| 005 | 20140828083658.0 | ||
| 008 | 100221s2010||||xxu|||||s|||||000 | eng d | ||
| 040 |
_aPGUSA _beng |
||
| 042 | _adc | ||
| 050 | 4 | _aRC | |
| 100 | 1 |
_aMonro, Donald, _d1727-1802 |
|
| 245 | 1 | 3 |
_aAn Account of the Diseases which were most frequent in the British military hospitals in Germany _h[electronic resource] / _cDonald Monro |
| 260 |
_bProject Gutenberg, _c2010 |
||
| 506 | _aPublic domain in the USA. | ||
| 516 | _aElectronic text | ||
| 653 | _aMilitary hospitals | ||
| 653 | _aMilitary hygiene | ||
| 653 | _aMedicine, Military | ||
| 653 | _aSeven Years' War, 1756-1763 -- Medical care | ||
| 830 | 0 |
_aProject Gutenberg _v31338 |
|
| 856 | 4 | 0 | _uhttp://www.gutenberg.org/ebooks/31338 |
| 942 | _cEB | ||
| 999 |
_c260593 _d260593 |
||